LEADER 01292nam a2200289 i 4500 001 000000146690 003 CaOOAMICUS 005 20260605123550.0 008 100924s1981 gw u000 u ger u 013 $a123503 020 $a3-495-47454-4 040 $aSeMil$bita 245 10$aGott nennen :$bPhänomenologische Zugänge /$cBeiträge von Emmanuel Lévinas ... [et al.] ; herausgegeben von Bernhard Casper. 260 $aFreiburg ; München :$bKarl Alber,$c1981. 300 $a252 p. ;$c21 cm. 490 0 $aAlber-Broschur Philosophie 650 4$aDio - Conoscibilità.$0(OLS)http://semarc/subject/1185 650 4$aDio - Filosofia.$0(OLS)http://semarc/subject/2018 700 1 $aLévinas, Emmanuel,$d<1906-1995>.$0(OLS)http://semarc/name/18680 700 1 $aCasper, Bernhard,$d<1931-2022>.$0(OLS)http://semarc/name/16170 830 0$aAlber-Broschur Philosophie.$0(OLS)http://semarc/title/20144 850 $aSeMil 852 $aSeMil$W1$xVenegono$y1$m2P II 244$j272973$B99322$CSeMilBibl$Z2$F107813 $81 996 $6020$a3-495-47454-4$9(OLS)http://semarc/number/135274 996 $6245$aGott nennen :$bPhänomenologische Zugänge$9(OLS)http://semarc/title/214504 996 $6260$aFreiburg ; München :$bKarl Alber$9(OLS)http://semarc/publisher/34088